LEADER 01318nas 2200493-a 450 001 996321922103316 005 20200911055420.2 011 $a2302-2914 035 $a(OCoLC)847610027 035 $a(CKB)2670000000357204 035 $a(CONSER)--2014252153 035 $a(EXLCZ)992670000000357204 100 $a20130611a20129999 --- - 101 0 $aeng 135 $aur||||||||||| 181 $ctxt$2rdacontent 182 $cc$2rdamedia 183 $acr$2rdacarrier 200 00$aBali medical journal 210 $aEdmonton, AB $cDiscoverSys Inc., Canada 215 $a1 online resource 300 $aRefereed/Peer-reviewed 311 $a2089-1180 517 1 $aBMJ 531 00$aBali med. j. 606 $aMedicine$vPeriodicals 606 $aMedicine$zIndonesia$vPeriodicals 606 $aMedicine$2fast$3(OCoLC)fst01014893 606 $aMedicine 607 $aIndonesia$2fast 607 $aIndonesia 608 $aPeriodicals.$2fast 608 $aPeriodical. 608 $aElectronic journals. 610 $aMedicine - General 615 0$aMedicine 615 0$aMedicine 615 7$aMedicine. 615 2$aMedicine. 712 02$aSanglah General Hospital, 906 $aJOURNAL 912 $a996321922103316 996 $aBali medical journal$92581021 997 $aUNISA LEADER 01323nas 2200469- 450 001 9910309941803321 005 20240204213017.0 011 $a2307-0420 035 $a(OCoLC)1125702292 035 $a(CKB)4100000007609806 035 $a(CONSER)--2020256280 035 $a(EXLCZ)994100000007609806 100 $a20190811a19uu9999 -u- - 101 0 $aspa 135 $aur||||||||||| 181 $ctxt$2rdacontent 182 $cc$2rdamedia 183 $acr$2rdacarrier 200 00$aCirugía Paraguaya 210 1$aParaguay :$cSociedad Paraguaya de Cirugía 215 $a1 online resource 300 $aRefereed/Peer-reviewed 311 08$a2070-8785 517 1 $aRev. Cir. Parag. 517 1 $aCir. parag. 531 1 $aCir. parag. 606 $aSurgery$zParaguay$vPeriodicals 606 $aPublic health$zParaguay$vPeriodicals 606 $aPublic health$2fast$3(OCoLC)fst01082238 606 $aSurgery$2fast$3(OCoLC)fst01139351 607 $aParaguay$2fast 608 $aPeriodicals.$2fast 608 $aPeriodicals.$2lcgft 615 0$aSurgery 615 0$aPublic health 615 7$aPublic health. 615 7$aSurgery. 712 02$aSociedad Paraguaya de Cirugía, 906 $aJOURNAL 912 $a9910309941803321 996 $aCirugía Paraguaya$92579402 997 $aUNINA